Name the Ainur from 'The Silmarillion' Quiz Stats

 Plays Quiz not verified by Sporcle

Also try: Young Adult Bunker
Challenge
Share
Tweet
Embed
Score 0/30 Timer 05:00
1 Play Today
Division Name % Correct
AinurMelkor
96.9%
ValarManwe
96%
IstariOlorin
95.7%
MaiarSauron
94.1%
ValarUlmo
93.4%
IstariCurumo
92.2%
ValarAule
89.3%
ValarYavanna Kementari
88.5%
IstariAiwendil
88.4%
ValarMandos
87.5%
ValarOrome
86.3%
ValarVarda Elentari
86.2%
ValarTulkas
85.9%
MaiarGothmog
81%
MaiarMelian
77.5%
Division Name % Correct
ValarLorien
75.6%
ValarNienna
72.8%
ValarNessa
55%
MaiarOsse
52.3%
MaiarEonwe
52.1%
ValarEste
52.1%
IstariPallando
52%
ValarVana
51.3%
ValarVaire
49.7%
IstariAlatar
44.6%
MaiarUinen
40%
MaiarArien
33.5%
MaiarTilion
29.5%
MaiarIlmare
18.8%
MaiarSalmar
16.3%

You're not logged in!

Compare scores with friends on all Sporcle quizzes.
OR
Log In

You Might Also Like...

Show Comments

Extras

Created Oct 19, 2009ReportNominate
Tags:ainur, division, silmarillion, tolkien

Top Quizzes Today


Score Distribution

Your Account Isn't Verified!

In order to create a playlist on Sporcle, you need to verify the email address you used during registration. Go to your Sporcle Settings to finish the process.

Report this User

Report this user for behavior that violates our Community Guidelines.

Details: